[Event "FIDE-Wch k.o."]
[Site "Tripoli"]
[Date "2004.06.20"]
[Round "1.2"]
[White "Lima, Darcy Gustavo Macha"]
[Black "Zvjaginsev, Vadim"]
[Result "0-1"]
[WhiteElo "2542"]
[BlackElo "2654"]
[Annotator "Gofshtein,L"]
[PlyCount "79"]
[EventDate "2004.06.19"]
[EventType "k.o."]
[EventRounds "7"]
[EventCountry "LBY"]
[SourceTitle "CBM 102"]
[Source "ChessBase"]
[SourceDate "2004.09.23"]
[SourceVersion "1"]
[SourceVersionDate "2004.09.23"]
[SourceQuality "1"]

1. e4 c5 2. Nf3 Nc6 3. Bb5 Nf6 {A very popular move recently} 4. Nc3 Qc7 $5 {
Much stronger than the previously played 4...Nd4 5.e5 Nb5 6.Nb5 Nd5 7.Ng5!
with an attack, or} (4... g6 5. e5 Ng4 6. Bxc6 dxc6 7. h3 Nh6 8. g4 $5 $14) (
4... e5 {White can however retain an edge with} 5. Bxc6 dxc6 6. Nxe5 Nxe4 7.
Nxe4 Qd4 8. Qe2 Qxe5 9. f4 $5 {with initiative} Qe7 10. f5 $32 {|^}) (4... d6
5. e5 $14) 5. O-O a6 {Black also has other options in this position. 5...Nd4
probably deserves attention as was played in the next game} (5... e6 $6 6. Re1
d6 (6... Ng4 $5 7. Bxc6 $5 bxc6 (7... Qxc6 $143 8. d4 $32 {->}) 8. e5 f6 9. d4
$5 $146 {[%mdl 8]} (9. exf6 Nxf6 $132) 9... cxd4 10. Qxd4 Nxe5 11. Nxe5 fxe5
12. Rxe5 $32 {1-0 Shirov,A-Van Wely,L/Germany 2003/CBM 94/}) (6... Be7 7. e5
Ng4 8. Bxc6 bxc6 9. d4 f5 10. h3 Nh6 11. Bg5 Bf8 12. Be3 $16 {Istratescu,
A-Chernyshov,K/Pardubice op/1997/}) (6... a6 7. Bxc6 Qxc6 8. d4 $32 {->}) 7. d4
cxd4 8. Nd5 $36 {0-1 Glek,I-Kuzmin,G/Moscow 1992/EXT 97 (37)}) (5... e5 6. d3
h6 7. Nh4 $36 {1-0 Glek,I-Brendel,O/Krumbach 1991/TD (22)}) (5... Nd4 $5 6. Re1
(6. d3 a6 7. Bc4 e6 8. Nxd4 cxd4 9. Ne2 Nxe4 $132 {1/2,Anand,V-Ivanchuk,V/FIDE
WCh Moscow/2001/ (17)}) (6. Nxd4 $5 cxd4 7. Nd5 Nxd5 8. exd5 Qc5 9. c4 dxc3 (
9... a6 $5 10. Ba4 Qxc4 11. Bb3 Qd3 12. Re1 $13) 10. Qb3 a6 11. Be2 c2 12. d4
$44 {Anand,V-Leko,P/Linares/2003/ (22)}) 6... a6 7. Bc4 $5 (7. e5 Nxb5 8. exf6
Nxc3 (8... gxf6 $5 {is perhaps also playable:} 9. Ne4 Bg7 $13) 9. fxg7 Bxg7)
7... d6 8. Nd5 Nxd5 9. exd5 g6 (9... Bg4 $5) 10. Nxd4 cxd4 11. d3 {/~~,
Kasparov,G-Leko,P/Linares/2003/ (21)}) 6. Bxc6 dxc6 7. e5 {Practically forced.
Otherwise black plays 7...e5 and gets a comfortable play} (7. h3 e5 8. d3 Bd6
9. Be3 h6 $132 {0-1 Siemes,R-Kalinitschew,S/Dortmund 2003/CBM 95 ext (26)})
7... Nd5 8. Ne4 Bg4 $5 $146 {An interesting novelty which changes the
assessment of this variation. 8...Bf5 or 8...c4 as was played before are much
worse} (8... Bf5 9. Nxc5 e6 10. Nb3 Be7 11. d4 {1-0 Kupreichik,V-Krug,N/
Cuxhaven 1993/EXT 97 (28)}) (8... c4 9. Qe2 Be6 10. Neg5 $36 {1-0 Kovalev,
A-Goetz,R/Neu Isenburg 1992/EXT 2003 (21)}) 9. Nxc5 e6 10. Nd3 {White tries to
hold on to his material advantage. In case of 10.d4 black has no problems} (10.
d4 Bxc5 11. dxc5 Bxf3 12. Qxf3 Qxe5) 10... Rd8 {[%cal Rd8d4] Bringing the rook
to centre and preparing the advance of the pawns on the queenside} 11. b3 {
White tries to finish his development} c5 12. Bb2 b5 {[%cal Rc5c4] With the
idea to break with c5-c4} 13. c4 {Practically forced in order to stop the
black pawns on the queenside} Nb6 14. Nde1 Qc6 {Black strengthens his position,
creating a threat of taking on c4. The immideate recapture of the pawn is
impossible in view of 14...bc 15.bc Nc4 16.Qa4+} 15. Rc1 bxc4 16. bxc4 Be7 {
Finishing the development. Black has a long time initiative for the sacrificed
pawn (a pair of bishops and a pressure over the d-file)} 17. h3 Bh5 18. d4 {
White tries to open the position and to get rid of the black's pressure. The
other possible plan was 18.d3 with a slower game} (18. d3 $5 Bg6 19. Qc2 O-O
20. Rb1 Rb8 21. Nd2 Rfd8 22. Bc3) 18... O-O 19. Qb3 Rfe8 {Black waits to see
what will happen, protecting his bishop in advance in view of a possible pin
by Ba3} 20. Qe3 Qa4 {Black is activizing his queen and attacks white's
weaknesses c4 and a2} 21. Nd2 {21.Qa3 deserved attention, offering the
exchange of queens} (21. Qa3 $5) (21. dxc5 Nxc4 22. Qc3 Nxb2 23. Qxb2 Rc8)
21... Qxa2 22. Nd3 $6 {After this move black seizes the initiative and gets a
material advantage. 22.dc deserved attention with an unclear position} (22.
dxc5 $5 Qxb2 23. Rc2 Qb4 24. cxb6 Bg6 (24... Bc5 25. Nd3 Bxe3 26. Nxb4 Bxd2 27.
Nc6 Rc8 28. Na7 Ba5 29. Nxc8 Rxc8 30. c5 $36) 25. Ne4 Rb8 $132) 22... cxd4 {
Now the minimal material advantage is on the black side} 23. Qg3 (23. Bxd4 $2
Rxd4 24. Qxd4 Qxd2 $17) 23... Qa5 $5 {23...Qa4 also deserves attention, moving
away the queen and blacking white's c-pawn} (23... Qa4 $5 24. Nf4 Bg6 25. Nxg6
hxg6) 24. Ne4 Bg6 $6 {24...Be2 is stronger and as the variations show black
has a fine game} (24... Be2 $5 25. Ra1 (25. Rfe1 Bxd3 26. Qxd3 Qxe5) 25... Na4
26. Bc1 Bxd3 (26... Bh4 $5 27. Qxh4 (27. Nf6+ Bxf6 28. exf6 g6 $17) 27... Bxd3
$36) 27. Bh6 Bf8 28. Qxd3 Qxe5 29. Rxa4 f5 30. Nd2 gxh6) 25. Nd6 $5 {White
complicates the game, hoping to get a dangerous passed pawns} (25. Ra1 Na4 26.
Qf3 Rd7 $132) 25... Bxd6 26. exd6 e5 27. c5 {The pawn pair c5 and d6 can
become very dangerous} (27. f4 $5) 27... Bxd3 $5 {Exchanging the blocking
knight and getting to the c5 pawn. 27...Na4 is dangerous in view of 28.Nxe5} (
27... Na4 28. Nxe5 $1 Nxb2 29. Nc6 Qb5 30. Nxd8 Rxd8 31. Qh4 $1 Rf8 32. Qxd4
$36) 28. Qxd3 Na4 29. Qa3 $5 {Transfering the queen to an active position
where he protects the pawn on d6 and allows the white c-pawn to advance} (29.
Ba3 Nc3 $36) 29... Qb5 {[%cal Rb5b2] Attacking white's bishop and trying to
bring the queen to the blocking square on c6} 30. Ba1 {In case of 30.c6 black
maintaned the equality with:} (30. c6 $5 Nxb2 31. d7 Nc4 (31... Na4 $6 32.
dxe8=Q+ Rxe8 33. Ra1 Nc3 34. Qxa6) 32. dxe8=Q+ Rxe8 33. Qd3 Nd6 $44) 30... Qc6
31. Rc4 Nxc5 {Black gets rid of the white dangerous pawns by sacrificing a
piece. 31...Nb6 deserved attention transfering the knight to d7} (31... Nb6 $5
32. Qxa6 Rc8 33. Rc2 Nd7 $17) 32. Qxc5 {White had more chances without the
exchange of queens} (32. Rxc5 $5 Qxd6 33. Qa5) 32... Qxc5 33. Rxc5 Rxd6 34. Rb1
h6 35. Kf1 Ree6 36. Ke2 Rc6 $6 {Black is mistaking by exchanging one pair of
rooks. After 36...Kh7 it would be more difficult for white} (36... Kh7) 37.
Rxc6 Rxc6 38. Kd3 h5 39. g4 {39.Ke4 deserved attention} (39. Ke4 $5 f6 (39...
Rc2 40. Kxe5 Rxf2 41. Rb2) 40. f4) 39... Rf6 40. Ke4 {White has probably lost
because of the time-trouble. The probable outcome of the game is a draw} 0-1

[Event "RUS-ch qual 57th"]
[Site "Tomsk"]
[Date "2004.05.24"]
[Round "2"]
[White "Rublevsky, Sergei"]
[Black "Shcherbakov, Ruslan"]
[Result "1-0"]
[WhiteElo "2671"]
[BlackElo "2564"]
[Annotator "Gofshtein,L"]
[PlyCount "73"]
[EventDate "2004.05.23"]
[EventType "swiss"]
[EventRounds "9"]
[EventCountry "RUS"]
[SourceTitle "CBM 102"]
[Source "ChessBase"]
[SourceDate "2004.09.23"]
[SourceVersion "1"]
[SourceVersionDate "2004.09.23"]
[SourceQuality "1"]

1. e4 c5 2. Nf3 Nc6 3. Bb5 e6 4. O-O {One of the main lines in this variation,
the other possibility is 4.Bc6, for example:} (4. Bxc6 bxc6 5. d3 Ne7 6. O-O
Ng6 7. Ng5 $5 e5 8. Qh5 Qf6 $1 9. Nc3 d6 10. Nxh7 $6 Qd8 11. g3 Be7 $2 {
Hennigan-Chernajev/Gausdal/1995} (11... Qd7 $1 {Ma.Tseitlin})) 4... Nge7 5. c3
{White's plan is to take control of the centre with d2-d4. 5.b3 has also been
played with the idea to put the bishop on b2 and only then to start some
active operations in the centre} a6 {Forcing white to decide where to place
his bishop. 5...d5 was also possible leading to a decent play} (5... d5 $5 6.
exd5 Qxd5 7. Re1 Bd7 8. Na3 Ng6 9. Bf1 Be7 $13 {Gelfand-Sveshnikov/Ljubjana/
1995}) 6. Ba4 {6.Be2 has also been played with a further opening of the
position. As the games show white has a minimal advantage} (6. Be2 $5 d5 7.
exd5 Nxd5 8. d4 cxd4 (8... Be7 9. c4 Nf6 10. dxc5 Bxc5 11. Qxd8+ Kxd8 12. Nc3
Ke7 13. Rd1 Rd8 14. Rxd8 Nxd8 15. a3 $14 {Kasparov-Kramnik/Paris/Rapid/1995})
9. Nxd4 Nxd4 10. Qxd4 Bd7 11. Bf3 $14 {Kramnik-Miladinovic/Beograd/1995}) 6...
b5 7. Bc2 Bb7 {With the idea after 8.d4 cd 9.cd Nb4 to exchange white's
dangerous bishop} 8. Qe2 c4 {As the tournament practice shows black has
serious problems after 8...d5 or after 8...Ng6} (8... d5 9. e5 d4 (9... Qb6 10.
Rd1 d4 11. Be4 Ng6 12. cxd4 cxd4 13. d3 Be7 14. Nbd2 O-O 15. Nb3 Rfd8 16. h4 $5
{1-0 Tkachiev,V-Pinski,J/Open, Geneva SUI 1997 (25)}) 10. Be4 Ng6 (10... Nd5
11. cxd4 cxd4 12. d3 Be7 13. Nbd2 O-O 14. Nb3 Qd7 15. Nbxd4 Nxd4 16. Nxd4 Nb4
17. Be3 Bxe4 18. dxe4 $16 {1-0 Zarnicki,P-Samur,A/Buenos Aires 2001/EXT 2002 
(57)}) 11. cxd4 cxd4 12. d3 Be7 13. Nbd2 Qb6 14. Nb3 O-O 15. h4 a5 (15... Rfd8
16. h5 Nf8 $8 (16... Nh4 $2 17. Nxh4 Bxh4 18. Qg4 Be7 19. Bh6 Bf8 (19... g6 20.
hxg6 hxg6 21. Bxg6 Nxe5 22. Bh7+ Kxh7 23. Qg7#) 20. Bxg7 Bxg7 21. h6 $18) 17.
h6 g6 18. Bg5 $14 {[%csl Rc5,Rd6,Rf6] 1-0 Pavasovic,D-Oral,T/Baden 1999/CBM 71/
[Smirin] (49)}) 16. h5 a4 17. Bxc6 Bxc6 18. Nbxd4 Nh8 19. Nxc6 {1-0 Tkachiev,
V-Cherniaev,A/Biel 1994/TD (68)}) (8... Ng6 9. d4 cxd4 10. cxd4 Nh4 11. Nbd2
Rc8 12. d5 $5 Ne5 13. Nd4 g5 14. a4 b4 15. N2b3 g4 (15... Nhg6 $5) 16. Rd1 Qc7
17. Kh1 Bg7 18. Bg5 Nhg6 19. Bd2 {1-0 Tkachiev,V-San Segundo Carrillo,P/
Ponferrada 1997/CBM 60 ext (27)}) 9. b3 d5 $5 {9...cxb is worse as the next
game shows} (9... cxb3 10. axb3 d5 11. d4 b4 12. exd5 Qxd5 (12... Nxd5 13. c4
$36) 13. Rd1 Ng6 14. Bg5 {1/2-1/2 Batsanin,D-Smirnov,P/Novokuznetsk 1999/EXT
2001 (25)} (14. Be4 $5)) 10. exd5 Nxd5 {10...Qxd5 deserved attention} (10...
Qxd5 $5) 11. bxc4 Nf4 $8 {An only move, which keeps the tension. After 11...
bxc white stays with an extra pawn} (11... bxc4 12. Qxc4 Bd6 13. d4) 12. Qe3 $5
{It is stronger, of course, than the previously met 12.Qe4 which led to a loss
of a tempi} (12. Qe4 $6 Qc7 13. Qe3 bxc4 14. Na3 Nd5 {1/2-1/2 Finkel,A-Nataf,I/
Chalkidiki 2002/CBM 92 (35)}) 12... Bd6 13. d4 {After 13.cxb axb black has
compensation for the sacrificed pawn} (13. cxb5 axb5 $44) 13... bxc4 14. Nbd2 {
White develops the knight and brings him closer to the scene of action} (14.
Na3 Na5 15. Re1 Qe7 $132) 14... Nd5 {Black is practically forced to exchange
another pawn, further opening the position} (14... Na5 $6 15. Ne4 Nd5 16. Qg5
O-O 17. Qh5) 15. Qe1 Nxc3 16. Nxc4 Bb4 {Black is forced to stand up to the
challenge as after the simple 16...Nd5 white seizes the initiative as the
analysis shows} (16... Nd5 17. Rb1 Rb8 18. Ba4 Ba8 19. Nxd6+ Qxd6 20. Ba3 $18)
17. Bg5 {The position becomes sharper, the natural 17.a3 lead to a counter
chances for black after 17...Nd4} (17. a3 Nxd4 18. Ba4+ (18. Nxd4 Qxd4 19. axb4
Qxc4 $17) 18... Kf8 19. Nxd4 Qxd4 20. axb4 Qxc4 $17) 17... Qc7 $146 {[%mdl 8]
Only this move is a novelty. In the game given below black played another move
17...Nd4 and got a fine position. But after 18.Bd8 white wins an exchange by
force} (17... Nxd4 $6 18. Ba4+ (18. Bxd8 $5 Nce2+ 19. Kh1 Bxe1 20. Nd6+ Kxd8
21. Nxb7+ Kc7 22. Raxe1 Kxb7 23. Be4+ Kc7 24. Bxa8) 18... Nxa4 19. Qxb4 Nxf3+
20. Kh1 f6 21. Qxa4+ Kf7 22. Rfd1 Bd5 23. Bf4 g5 24. Bg3 h5 25. gxf3 h4 {
1/2-1/2 Batsanin,D-Sherbakov,R/Tomsk 2001/CBM 82 ext (25)}) 18. Bb3 Nd5 {
Black tries to stabilize the position by blocking the d-pawn. In case of 18...
Na2 white gets enough compensation} (18... Nxa2 19. Bd2 Bxd2 20. Ncxd2 Nab4 21.
d5) 19. Qe4 {[%cal Re4h4,Re4h7] White activizes the queen and creates threats
over the b1-h7 diagonal in case of black future castling} h6 {Black throws
white's active dark squared bishop back} 20. Bh4 {White tries to keep the
tension avoiding the exchange of pieces, in case of 20.Bd2 after the exchange
of dark squared bishops black easily defends} (20. Bd2 Bxd2 21. Ncxd2 Nf6 22.
Qe3 $132) 20... Qf4 {White is practically forced to exchange queens as after
21.Qd3 Qg4 black has good options for a counterplay} 21. Qxf4 (21. Qd3 Qg4 $132
{[%cal Rd5f4]}) 21... Nxf4 22. Rab1 {[%cal Rb1b7] Despite the exchange of
queens white has created new threats by using bad coordination of the black
pieces} Rb8 $6 {This shy move allows white a strong initiative. It was
essential to play the active 22...g5 with mutual chances} (22... g5 $5 23. Ba4
a5 $132) (22... Ne2+ 23. Kh1 Nc3 24. a3 Be7 25. Ba4) 23. a3 $1 {This is how
white brings his rook to play on the b-file and exploits the unfortunate
position of the black king} g5 24. Bg3 Be7 (24... Ne2+ 25. Kh1 Nxg3+ 26. fxg3
Bc3 27. Ba4 $18) 25. Bxf4 gxf4 26. Nce5 $1 {White's initiative is growing and
leading to a material losses for black} O-O (26... Nxe5 27. Ba4+ Kf8 28. Nxe5
$36) 27. Nd7 Na5 28. Nxb8 Bxf3 {This way black worsens white's pawn structure
trying to make it more difficult for white to take the point} (28... Rxb8 29.
d5 $36) 29. gxf3 Rxb8 30. Ba2 Rd8 {Of course black avoids the exchanges} 31.
Rfd1 Bxa3 32. d5 $1 {A final breakthrough in the centre. White gets his bishop
to action} e5 33. Rb6 $18 {[%cal Rb6a6,Rb6h6,Yd5d6] Attacking black's weak
pawn and trying to move forward the d-pawn} Rd6 34. Rdb1 Kf8 35. Rxd6 Bxd6 36.
Rb6 Ke7 37. Rxa6 {New material losses are inevitable and black resigned} 1-0

[Event "FIDE-Wch k.o."]
[Site "Tripoli"]
[Date "2004.06.20"]
[Round "1.3"]
[White "Bruzon Batista, Lazaro"]
[Black "Smirnov, Pavel"]
[Result "0-1"]
[WhiteElo "2602"]
[BlackElo "2601"]
[Annotator "Gofshtein,L"]
[PlyCount "68"]
[EventDate "2004.06.19"]
[EventType "k.o."]
[EventRounds "7"]
[EventCountry "LBY"]
[SourceTitle "CBM 102"]
[Source "ChessBase"]
[SourceDate "2004.09.23"]
[SourceVersion "1"]
[SourceVersionDate "2004.09.23"]
[SourceQuality "1"]

1. e4 c5 2. Nf3 Nc6 3. Nc3 e5 4. Bc4 Be7 (4... d6 5. d3 Be7 6. Nd2 {Is another
popular line.}) 5. O-O d6 6. d3 Nf6 7. Ng5 O-O 8. f4 Bg4 $5 {This active move,
which disturbs the coordination of the white pieces is a good alternative to 8.
..exf} (8... exf4 9. Bxf4 h6 10. Nf3 Be6 {This is the main line of the
variation where white has a certain advantage} 11. Nd5 (11. Qd2 d5 $1 12. exd5
Nxd5 13. Bxd5 Bxd5 14. Rae1 Re8 15. Kh1 Bxf3 16. Rxf3 Nd4 $11 {0.5-0.5 Drozdov,
I-Landa,K/Noyabrsk 1995}) 11... Bxd5 12. exd5 Nb4 13. Bd2 Nbxd5 14. Nh4 Nc7 15.
Nf5 d5 16. Bb3 $36 {-see comments to Macieja,B-Bobras,P/POL-ch 59th Warsaw
2002[Postny]}) 9. Qd2 (9. Qe1 {This move has also been played. In this case
black gets a counterplay} Nd4 $6 (9... exf4 10. Bxf4 Nd4 11. Qd2 Qd7 12. a4 (
12. h3 Bh5 13. Kh2 b5 14. Bb3 Nxb3 15. axb3 b4 16. Ne2 d5 $132) 12... h6 13.
Nf3 Nxf3+ 14. gxf3 Be6 15. Kh1 {[%cal Gf1g1] 1/2-1/2 Kramnik,V-Grischuk,A/Wijk
aan Zee 2003/CBM 93/[Roiz,M] (20)}) 10. fxe5 dxe5 11. Qh4 $36 {1/2-1/2 Gdanski,
J-Tomczak,R/Warsaw 2002/CBM 89 (36)}) 9... exf4 $5 $146 {[%mdl 8] A novelty
which gives black a counterplay. 9...h6 has been played before which led to a
small advantage for white} (9... h6 10. Nf3 Bxf3 11. Rxf3 exf4 12. Qxf4 Ne5 13.
Rf1 Nxc4 14. dxc4 $14 {1/2-1/2 Smirin,I-Kosteniuk,A/Philadelphia 2003/EXT 2004
(36)}) 10. Qxf4 Ne5 $5 {Immideatly bringing the knight to a more active
position} 11. Bb3 {White tries to keep his active bishop} (11. h3 Nxc4 12. dxc4
Bh5 $11) 11... h6 12. Nf3 Nh5 {Black continues his active play and tries to
take advantage of his lead in development} 13. Qe3 (13. Qd2 Nxf3+ 14. gxf3 Bh3
15. Rd1 Bg5 16. Qf2 Bxc1 17. Rdxc1 Qg5+ $132) 13... Nxf3+ 14. gxf3 Bh3 15. Rd1
Bf6 {15...Bg5 deserved attention with an active play} (15... Bg5 $5 16. f4 Nxf4
(16... Qd7 17. fxg5 Qg4+ 18. Kf2 Qh4+ 19. Ke2 Bg4+ 20. Kd2 Qxh2+ 21. Ne2 Nf4
22. Rh1 Qxe2+ 23. Qxe2 Nxe2 24. gxh6 $16) 17. Qg3 c4 18. Bxc4 Qb6+ 19. d4 Be6
$132) 16. Ne2 Be5 17. f4 $2 {After pseudo-active move black tactics pays off.
The profilactic 17.c3 gave white a clear edge} (17. c3 $5) 17... Nxf4 $1 18.
Nxf4 Bd4 19. Nxh3 Qh4 20. Nf2 Bxe3 21. Bxe3 {So, white lost his queen but got
three minor pieces as a compensation. This material difference usually leads
to an unclear game} Kh8 {Black prepares the advance f7-f5 in order to bring
his rooks into action} 22. Rf1 Rae8 23. Nh1 {Opening the f-file and bringing
the knight to a more active position} f5 24. Rf4 Qh3 25. Ng3 {Also in case of
25.Re1 black has the initiative} (25. Re1 fxe4 26. Nf2 Qh5 27. Rxf8+ Rxf8 28.
dxe4 (28. Nxe4 d5) 28... Rf6 $36) 25... fxe4 26. dxe4 Rxf4 27. Bxf4 h5 $1 {
A strong move, disturbing the coordination of the white pieces} 28. Bd5 h4 29.
Ne2 Qf3 $19 {Leads to material losses for white} 30. Bxd6 Qxe2 31. Rf1 Qg4+ 32.
Kh1 Rxe4 33. c4 h3 34. Bg3 Qe2 0-1

[Event "FIDE-Wch k.o."]
[Site "Tripoli"]
[Date "2004.06.22"]
[Round "2.6"]
[White "Iordachescu, Viorel"]
[Black "Rublevsky, Sergei"]
[Result "0-1"]
[WhiteElo "2627"]
[BlackElo "2671"]
[Annotator "Gofshtein,L"]
[PlyCount "84"]
[EventDate "2004.06.19"]
[EventType "k.o."]
[EventRounds "7"]
[EventCountry "LBY"]
[SourceTitle "CBM 102"]
[Source "ChessBase"]
[SourceDate "2004.09.23"]
[SourceVersion "1"]
[SourceVersionDate "2004.09.23"]
[SourceQuality "1"]

{[%mdl 4]} 1. e4 c5 2. Nf3 e6 3. Nc3 Nc6 4. Bb5 Nd4 5. Bd3 (5. Nxd4 $6 cxd4 6.
Ne2 Qg5 $36) 5... Nxf3+ (5... Ne7 {The other main line is 5...Ne7} 6. O-O (6.
Nxd4 cxd4 7. Ne2 Nc6 8. O-O d5 9. c3 (9. Nf4 dxe4 10. Bxe4 g6 11. c4 Bg7 12. g3
e5 13. Nd5 f5 14. Bg2 d3 $132 {1/2-1/2 Gipslis,A-Kurajica,B/Moscow 1992/CBM 33
(71)}) 9... Bd6 10. Nxd4 Nxd4 11. cxd4 dxe4 12. Bc2 O-O $132 {1/2-1/2 Vasiukov,
E-Kozlov,V/Yaroslavl 1990/EXT 97 (41)}) 6... d5 (6... Nec6 $5 {1/2-1/2 Gipslis,
A-Sveshnikov,E/Podolsk 1992/CBM 33/[Blatny,P] (28)}) 7. b3 dxe4 8. Nxe4 Nec6
$132 {1/2-1/2 Gipslis,A-Nielsen,P/Gausdal 1992/TD (35)}) 6. Qxf3 a6 {Black
prepares 7...Qc7 with a further 8...Bd6} (6... Qc7 7. b3 a6 8. Bb2 Bd6 9. Qe2
Be5 10. f4 Bd4 11. e5 b5 {1/2-1/2 Bosch,J-Nijboer,F/Netherlands 1994/CBM 42 
(55)}) 7. O-O Qc7 8. Re1 Bd6 {[%cal Rd6h2] Developing the bishop with a tempi
and bringing it to a1-h8 diagonal} 9. g3 Nf6 10. Bf1 Be5 {[%cal Re5b2]
Practically finishing the development. Black got out of the opening with a
very good position} 11. Bg2 b5 {Taking some space on the queenside and
preparing the development of the light squared bishop} 12. a4 b4 13. Nd5 {
White didn't get any advantage out of the opening and tries to change the
character of the struggle} Nxd5 {13...exd deserved attention. White returns
the sacrificed piece but black gets a comfortable game} (13... exd5 $5 14. exd5
d6 15. Rxe5+ dxe5 16. d6 Qxd6 (16... Bb7 17. Qxb7 Qxb7 18. Bxb7 Rd8 19. Bxa6
Rxd6 20. Bc4 Ke7) 17. Qxa8 O-O 18. d3 b3 $17) 14. exd5 Bb7 15. d4 {Sharpening
the game even more, but also in case of 15.Qh5 black has a good position.} (15.
Qh5 d6 16. d4 g6 17. Qh3 Bxd4 18. dxe6 O-O 19. Bxb7 Qxb7) 15... cxd4 $5 (15...
Bxd4 $5) 16. Qh5 d6 17. f4 g6 $5 {A strong defensive move after which black
goes for the counter-attack. It was dangerous to allow the exchange sacrifice
after:} (17... Bf6 18. Rxe6+ Kf8 19. Rxf6 gxf6 20. f5 $40) 18. Qh6 Bf6 19. dxe6
Bxg2 20. Kxg2 Qxc2+ 21. Kg1 Qf5 {Black plays very safe but perhaps 21...d3 was
even stronger with serious threats} (21... d3 $5 22. exf7+ Kxf7 23. Qh3 Rad8
$19) 22. Bd2 fxe6 23. Bxb4 Kd7 $17 {Black has not only a material advantage
but also a positional as his central pawns can become very dangerous and the
white queen doesn't have any perspective} 24. Rad1 Rac8 {[%cal Yc8c2]
Activizing his passive rook} 25. Rd2 Rc4 26. Ba3 Qh5 {Forcing an exchange of
queens and getting a clear advantage in the endgame} 27. Qxh5 gxh5 28. b3 {
Defending the pawn on a4 but creating new weaknesses in the white camp} Rc6 29.
Bb2 e5 30. fxe5 dxe5 31. Rf1 {A late activeness} Rb8 $5 {Bringing the rook to
the game and attacking white's weak pawns on the queenside} 32. Rdf2 Bg5 33.
Rf7+ Ke6 34. Ba3 {White tries to activize his dark squared bishop but it's too
late} Rxb3 35. Bf8 d3 $19 {The advance of the d-pawn decides} 36. h4 Be3+ 37.
Kg2 Rb2+ {Bringing both rooks to the 2nd rank} 38. Kh3 Rcc2 {Threatening mate}
39. Re7+ Kd5 40. Rh1 d2 41. Bg7 Bd4 42. Bh6 d1=Q 0-1